Outliers : (Record no. 132969)

MARC details
000 -LEADER
fixed length control field 00639nam a22002297a 4500
005 - DATE AND TIME OF LATEST TRANSACTION
control field 20170124110202.0
010 ## - LIBRARY OF CONGRESS CONTROL NUMBER
LC control number B-315691
020 ## - INTERNATIONAL STANDARD BOOK NUMBER
Terms of availability £12.99
International Standard Book Number 9780141036243
035 ## - SYSTEM CONTROL NUMBER
System control number B-315691
037 ## - SOURCE OF ACQUISITION
Source of stock number/acquisition Cen Lib/Ret
040 ## - CATALOGING SOURCE
Original cataloging agency DPL
Language of cataloging EN
082 ## - DEWEY DECIMAL CLASSIFICATION NUMBER
Classification number 650.1
Item number GLA
100 ## - MAIN ENTRY--PERSONAL NAME
Personal name Gladwell, Malcolm
9 (RLIN) 36342
245 ## - TITLE STATEMENT
Title Outliers :
Statement of responsibility, etc by Malcolm Gladwell
Remainder of title the story of success /
260 ## - PUBLICATION, DISTRIBUTION, ETC. (IMPRINT)
Place of publication, distribution, etc London
Name of publisher, distributor, etc Allen Lane
Date of publication, distribution, etc 2008
270 ## - ADDRESS
Address 80 Strand
City London
300 ## - PHYSICAL DESCRIPTION
Extent ix,309p.
Dimensions 21cm(pbk)
500 ## - GENERAL NOTE
General note Includes index
650 ## - SUBJECT ADDED ENTRY--TOPICAL TERM
Topical term or geographic name as entry element Successful people
9 (RLIN) 36343
650 ## - SUBJECT ADDED ENTRY--TOPICAL TERM
Topical term or geographic name as entry element Success
9 (RLIN) 17488
942 ## - ADDED ENTRY ELEMENTS (KOHA)
Source of classification or shelving scheme Dewey Decimal Classification
Koha item type English Books
Classification part 650.1
Call number suffix GLA
Holdings
Withdrawn status Lost status Damaged status Not for loan Home library Current library Date acquired Source of acquisition Cost, normal purchase price Total Checkouts Total Renewals Full call number Barcode Date last seen Date checked out Copy number Cost, replacement price Price effective from Koha item type
        Central Library Central Library 24/07/2015 Cen Lib/Ret 0.00 18 3 650.1 GLA B-315691 03/06/2024 20/05/2024 1 0.00 24/07/2015 English Books

© Delhi Public Library
Hit Counter
free hit counter